000 00687nam a22002057a 4500
005 2010081601221.0
010 _aENG-100615
020 _a8126022035
_c25.00
035 _aEN-84148
037 _bDBAD/PUB
082 _a870
100 _aKrishnankutty, Gita
_914013
245 _aLalithambika Antharjanam /
_cby Gita Krishnankutty
260 _aNew Delhi
_bSahitya Akademi
_c(200?)
270 _aRabindra Bhavan, 35, Ferozeshah Road
_bNew Delhi
_e110001
300 _a99p.
_c22cm (pbk)
650 _aDraviadian Literature
_914014
942 _2ddc
_cEN
_h870
_mKRI
999 _c42147
_d42147